The Cases and materials

This book provides a wealth of material drawn not only from familiar primary sources but from studies in related disciplines. This new edition has been fully revised to include all significant statute and case law developments since the fourth edition, including the implications of the Family Law Ac...

全面介紹

Đã lưu trong:
書目詳細資料
其他作者: Brenda Hale
語言:Undetermined
English
出版: London,Dayton, Ohio Butterworths,LexisNexis 2002
主題:
標簽: 添加標簽
沒有標簽, 成為第一個標記此記錄!
Thư viện lưu trữ: Trung tâm Học liệu Trường Đại học Trà Vinh
LEADER 01167nam a2200265Ia 4500
001 TVU_11021
008 210423s9999 xx 000 0 und d
020 |a 0406985871 
020 |a 9780406985873 
041 |a eng 
082 |a 346.42015 
082 |b B837 
245 4 |a The  
245 0 |b Cases and materials 
245 0 |c Brenda Hale ... [et al.] 
260 |a London,Dayton, Ohio 
260 |b Butterworths,LexisNexis 
260 |c 2002 
300 |a xxxvi, 820 p. 
300 |b ill. 
300 |c 25 cm 
520 |a This book provides a wealth of material drawn not only from familiar primary sources but from studies in related disciplines. This new edition has been fully revised to include all significant statute and case law developments since the fourth edition, including the implications of the Family Law Act 1996 and the Human Rights Act 1998. It also incorporates the increasing recognition in the law of the significance of domestic violence, and the long-awaited Adoption and Children Bill 
650 |a Domestic relations; Domestic relations; Family policy 
700 |a Brenda Hale 
980 |a Trung tâm Học liệu Trường Đại học Trà Vinh